| 000 | 00975nam a2200277 a 4500 | ||
|---|---|---|---|
| 001 | 70884 | ||
| 003 | BD-RjUL | ||
| 005 | 20211209082042.0 | ||
| 008 | 170422s1977 nyua 001 0 eng | ||
| 020 | _a0471589950 | ||
| 035 | _a(BD-RjUL)71098 | ||
| 040 |
_aDLC _cOC _dOCoLC _dDLC _dBD-RjUL _beng |
||
| 041 | _aeng | ||
| 082 |
_223 _a664.122 _bMES 1977 |
||
| 100 | 1 |
_aMeade, George P. _q(George Peterkin), _d1883-1975. _952079 |
|
| 245 | 1 | 0 |
_aSpencer-Meade cane sugar handbook : _ba manual for cane sugar manufacturers and their chemists / _cGeorge P. Meade. |
| 250 | _a10th ed. | ||
| 260 |
_aNew York : _bJ. Wiley, _cc1977. |
||
| 300 |
_axviii, 947 p. : _bill. ; _c22 cm. |
||
| 500 | _aEighth ed., by Guilford L. Spencer and George P. Meade. | ||
| 504 | _aBibliography: p. xi-xii. and index. | ||
| 650 | 0 |
_aSugar _xManufacture and refining. _952080 |
|
| 700 | 1 |
_aSpencer, Guilford L., _d1858- _tCane sugar handbook. _952081 |
|
| 740 | 0 | _aCane sugar handbook. | |
| 942 |
_2ddc _cBK |
||
| 999 |
_c70884 _d70884 |
||